书目信息 |
| 书名: | The tobacco wars | |
| 作者: | Walter Adams and James W. Brock. | |
| 分册号: | ||
| 分册名: | 出版地: | Cincinnati : |
|
| 出版社: | South-Western College Pub | |
| 出版时间: | c1999. | |
| 页数: | xi, 209 p. ; | |
| 开本: | 24 cm. | |
| 丛书名: | ||
| 中图分类号: | ||
| 科图分类号: | ||
| 其他分类号: | D771.288 | |
| 主题词: | ||
| 电子资源: | ||
| 000 | 01002cam 2200313 a 4500 | |
| 001 | E0756585190 | |
| 005 | 20070313154903.31 | |
| 008 | 981124s1999 ohu b 001 0 eng | |
| 010 | @a 98224165 | |
| 020 | @a0324012969. | |
| 040 | @aDLC@cDLC@dUKM@dIWA | |
| 043 | @an-us--- | |
| 050 | 00 | @aHV5760@b.A33 1999 |
| 082 | 0 | @a362.296 @2 21 |
| 090 | @aD771.288 | |
| 092 | @aCN@bJC02-917 | |
| 093 | @aD771.288 @2 4 | |
| 099 | @dD771.288@ex10 | |
| 100 | 1 | @aAdams, Walter. |
| 245 | 14 | @aThe tobacco wars / @cWalter Adams and James W. Brock. |
| 260 | @aCincinnati :@bSouth-Western College Pub.,@cc1999. | |
| 300 | @axi, 209 p. ;@c24 cm. | |
| 504 | @aIncludes bibliographical references and index. | |
| 650 | 0 | @aTobacco industry@zUnited States. |
| 650 | 0 | @aTobacco smoke pollution@zUnited States. |
| 650 | 0 | @aTobacco habit@xGovernment policy@zUnited States. |
| 650 | 0 | @aTobacco@xPhysiological effect. |
| 700 | 1 | @aBrock, James W. |
| 920 | @a232010@z2 | |
| The tobacco wars / / Walter Adams and James W. Brock.-Cincinnati : : South-Western College Pub., , c1999. |
| xi, 209 p. ; ; 24 cm. |
| Includes bibliographical references and index. |
| ISBN 0324012969. |
| ● |
| 相关链接 |
|
|
|
|
正题名:tobacco wars
索取号:D771.288/x10
 
预约/预借
| 序号 | 登录号 | 条形码 | 馆藏地/架位号 | 状态 | 备注 |
| 1 | 0001695 | 300016952 | 第二样本阅览室/ [索取号:D771.288/x10] | 在馆 | |
| 2 | 0001696 | 300016961 | 第四借阅区/ [索取号:D771.288/x10] | 在馆 |